The discovery of the AIDS virus (Record no. 63217)

MARC details
000 -LEADER
fixed length control field 00859nam a2200277 i 4500
001 - CONTROL NUMBER
control field C2-0249821
003 - CONTROL NUMBER IDENTIFIER
control field PPAK
005 - DATE AND TIME OF LATEST TRANSACTION
control field 20180727213644.0
008 - FIXED-LENGTH DATA ELEMENTS--GENERAL INFORMATION
fixed length control field 030610s2003 cau |||| ||||| | eng d
020 ## - INTERNATIONAL STANDARD BOOK NUMBER
International Standard Book Number 0737713526
040 ## - CATALOGING SOURCE
Original cataloging agency PPAK
Language of cataloging eng
Transcribing agency PPAK
Description conventions rda
082 04 - DEWEY DECIMAL CLASSIFICATION NUMBER
Classification number 616.9792009
Edition number 23
090 00 - LOCALLY ASSIGNED LC-TYPE CALL NUMBER (OCLC); LOCAL CALL NUMBER (RLIN)
Classification number (OCLC) (R) ; Classification number, CALL (RLIN) (NR) 616.9792009
Feature heading DIS
Feature heading R
245 04 - TITLE STATEMENT
Title The discovery of the AIDS virus
264 #1 - PRODUCTION, PUBLICATION, DISTRIBUTION, MANUFACTURE, AND COPYRIGHT NOTICE
Place of production, publication, distribution, manufacture San Diego, California :
Name of producer, publisher, distributor, manufacturer Greenhaven Press ,
Date of production, publication, distribution, manufacture, or copyright notice 2003
300 ## - PHYSICAL DESCRIPTION
Extent 138 pages ;
Dimensions 24 cm
336 ## - CONTENT TYPE
Source rdacontent
Content type term text
337 ## - MEDIA TYPE
Source rdamedia
Media type term unmediated
338 ## - CARRIER TYPE
Source rdacarrier
Carrier type term volume
490 1# - SERIES STATEMENT
Series statement Opposing viewpoints series - at issue in history
500 ## - GENERAL NOTE
General note Includes bibliographical references and index
650 10 - SUBJECT ADDED ENTRY--TOPICAL TERM
Topical term or geographic name entry element AIDS (Disease) - History
700 1# - ADDED ENTRY--PERSONAL NAME
Personal name Yount, Lisa,
Relator term editor
830 #0 - SERIES ADDED ENTRY--UNIFORM TITLE
Uniform title Opposing viewpoints series - at issue in history
942 ## - ADDED ENTRY ELEMENTS (KOHA)
-- dc
Koha item type Book
Holdings
Withdrawn Not for loan Current library Shelving location Date acquired Full call number Barcode Date last seen Koha item type
  Not For Loan Perpustakaan Alor Setar Rujukan Dewasa 01/07/2003 R 616.9792009 DIS A01029917 08/05/2018 Book
  Not For Loan Perpustakaan Awam Sungai Petani Rujukan Dewasa 01/07/2003 R 616.9792009 DIS A01029918 08/05/2018 Book
  Not For Loan Perpustakaan Jitra Rujukan Dewasa 01/07/2003 R 616.9792009 DIS A01029919 08/05/2018 Book
  Not For Loan Perpustakaan Kulim Rujukan Dewasa 01/07/2003 R 616.9792009 DIS A01029920 08/05/2018 Book